| 000 | 00709nam a2200229Ia 4500 | ||
|---|---|---|---|
| 003 | GCL | ||
| 008 | 140319s9999 xx 000 0 ara d | ||
| 040 |
_aGCL / _cGCL |
||
| 082 | 0 | 4 |
_a677.3 _bا ت |
| 100 | 1 | _aاحمد فؤاد النجعاوى | |
| 245 | 1 | 0 |
_aتكنولوجيا صناعة الصوف: غسيل- صباغة- طباعة- تجهيز. / _cاحمد فؤاد النجعاوى |
| 260 |
_a[S.N] : _bمنشاة المعارف ، _c1986 |
||
| 300 | _a470 ص | ||
| 490 | _a | ||
| 650 | 0 | 4 | _aالانتاج الحيوانى |
| 650 | 0 | 4 | _aصناعة وتجارة |
| 650 | 0 | 4 | _aالمنسوجات |
| 650 | 0 | 4 | _aالالياف |
| 650 | 0 | 4 | _aتعبئة |
| 650 | 0 | 4 | _aالصوف |
| 942 |
_2ddc _cBK |
||
| 999 |
_c34012 _d34012 |
||